India True or False? - Statistics

General Stats
  • This quiz has been taken 2,964 times
    2,883 since last reset
  • The average score is 10 of 16
Answer Stats
Question Answer % Correct
Around 82% of Indian households keep a pet elephant False
94%
Gandhi was the first Prime Minister of India False
87%
No Indian has ever won the Nobel Peace Prize False
84%
India is larger than Argentina by land area True
84%
Roughly Fifty Percent of Indians work in agriculture. True
75%
Andaman and Nicobar islands are closer to Thailand than to mainland India. True
74%
Christianity is the third biggest religion in India True
68%
India drives on the right side of the road. False
65%
Cricket is the National sport of India False
64%
Almost all Indians are vegetarian False
62%
India does not have any Active Volcanoes False
54%
George Orwell was born in India True
54%
India is the world’s largest producer of bananas True
50%
India shares it's longest border with Bangladesh True
49%
The River Indus originates in India False
47%
India has Qualified for the FIFA World Cup True
32%
No matching quizzes found
Score Distribution
Percent of People with Each Score
Percentile by Number Answered
Your Score History
You have not taken this quiz since the last reset